LEADER 00809nam a2200205 i 4500 001 000000154919 003 CaOOAMICUS 005 20061028000000.0 008 061028s1984 it u000 u ita u 013 $a132268 040 $aSeMil$bita 245 10$aVol. 2$ctesti di : Amedeo Belluzzi ... [et al.]. 300 $a350 p. :$bill. 650 4$aBologna - Chiese - San Petronio.$0(OLS)http://semarc/subject/2727 700 1 $aBelluzzi, Amedeo.$0(OLS)http://semarc/name/38116 773 0 $tBasilica di San Petronio in Bologna.$d[Bologna] : Cassa di Risparmio in Bologna, copyr. 1983-copyr. 1984.$w()16691 850 $aSeMil 852 $aSeMil$W1$xVenegono$y1$m5I X 19$j106770$B106770$CSeMilBibl$Z2$F116034 $8I 961 $aOmaggio: Martini Card. Carlo Maria 996 $6245$aVol. 2$9(OLS)http://semarc/title/13458 LEADER 01161nam a2200277 i 4500 001 000000114153 003 CaOOAMICUS 005 20030410000000.0 008 030410s1985 it u000 u ita u 013 $a86839 040 $aSeMil$bita 100 1 $aFabris, Rinaldo,$c.$0(OLS)http://semarc/name/340 245 13$aLa virtù del coraggio :$bla «franchezza» nella Bibbia /$cRinaldo Fabris. 260 $aCasale Monferrato (AL) :$bPiemme,$c1985. 300 $a95 p. ;$c21 cm. 490 0 $aMartyria ;$v1 500 $aContiene : Bibliografia. - Fondo Card. C.M. Martini. 650 4$aFranchezza - Bibbia.$0(OLS)http://semarc/subject/20767 650 4$aCoraggio - Bibbia.$0(OLS)http://semarc/subject/20768 830 0$aMartyria ;$v1.$0(OLS)http://semarc/title/11986 850 $aSeMil 852 $aSeMil$W1$xVenegono$y1$m2Z III 281$j69745$B69745$CSeMilBibl$Z2$F96266 $81 941 1 $a4 961 $aOmaggio: Martini Card. Carlo Maria 996 $6245$aLa virtù del coraggio :$bla «franchezza» nella Bibbia$9(OLS)http://semarc/title/166768 996 $6260$aCasale Monferrato (AL) :$bPiemme$9(OLS)http://semarc/publisher/30052